Central Library OPAC University of Rajshahi

Conflict of laws, or, Private international law / (Record no. 59392)

MARC details
000 -LEADER
fixed length control field 00670nam a2200229 a 4500
001 - CONTROL NUMBER
control field 59392
003 - CONTROL NUMBER IDENTIFIER
rucl marc code BD-RJUL
005 - DATE AND TIME OF LATEST TRANSACTION
control field 20211209080726.0
008 - FIXED-LENGTH DATA ELEMENTS--GENERAL INFORMATION
fixed length control field 161224s2012 tnu i 001 0 eng d
020 ## - INTERNATIONAL STANDARD BOOK NUMBER
International Standard Book Number 9781459060548
035 ## - SYSTEM CONTROL NUMBER
System control number (BD-RjUL)59516
040 ## - CATALOGING SOURCE
Original cataloging agency DLC
Transcribing agency SYB
Modifying agency OCL
-- SLU
-- ALX
-- BD-RjUL
Language of cataloging eng
041 ## - LANGUAGE CODE
Language code of text/sound track or separate title eng
082 ## - DEWEY DECIMAL CLASSIFICATION NUMBER
Edition number 23
Classification number 340.9
Author mark and year MIC 2012
100 1# - MAIN ENTRY--PERSONAL NAME
Personal name Minor, Raleigh C.
9 (RLIN) 176632
245 10 - TITLE STATEMENT
Title Conflict of laws, or, Private international law /
Statement of responsibility, etc. Raleigh C. Minor.
260 ## - PUBLICATION, DISTRIBUTION, ETC. (IMPRINT)
Place of publication, distribution, etc. Memphis, Tennessee :
Name of publisher, distributor, etc. General Books LLC,
Date of publication, distribution, etc. 2012.
300 ## - PHYSICAL DESCRIPTION
Pagination 212 p ;
Size 23 cm.
504 ## - BIBLIOGRAPHY, ETC. NOTE
Bibliography, etc Includes index.
650 #0 - SUBJECT ADDED ENTRY--TOPICAL TERM
Topical term or geographic name as entry element Conflict of laws
9 (RLIN) 176633
942 ## - ADDED ENTRY ELEMENTS (KOHA)
Source of classification or shelving scheme Dewey Decimal Classification
Koha item type Books
Holdings
Lost status Source of classification or shelving scheme Damaged status Not for loan Collection code Permanent Location Current Location Shelving location Date acquired Source of acquisition Cost, normal purchase price Total Checkouts Full call number Date last seen Copy number Koha item type
  Dewey Decimal Classification   Not For Loan Non-fiction Central Library, University of Rajshahi Central Library, University of Rajshahi Reading Room 06/07/2013 Dhaka, Space Marketing Comm. 3500.00   340.9 MIC 2012 24/12/2016 C-1 Books